Language Quiz

Random Language or Spanish Quiz

Classic Novels in Spanish Quiz Stats

 Plays Quiz Updated Jun 7, 2019

Score 0/25 Timer 06:00
1 Play Today
% Correct
Alice's Adventures in Wonderland
96.7%
Gulliver's Travels
96.4%
The Canterbury Tales
96.4%
The Great Gatsby
96.4%
A Passage to India
96.4%
The Divine Comedy
96.3%
The Color Purple
96.3%
The Count of Monte Cristo
96.2%
Don Quixote
95%
Great Expectations
94.8%
Pride and Prejudice
94.6%
The Little Prince
94.4%
Treasure Island
94.3%
% Correct
The Scarlet Letter
94%
Charlotte's Web
92.8%
Crime and Punishment
92.5%
A Clockwork Orange
91.5%
War and Peace
91.3%
The Old Man and the Sea
91.1%
Little Women
90.8%
The Return of the King
89.4%
Brave New World
85.2%
The Catcher in the Rye
80.2%
Lord of the Flies
76.4%
To Kill a Mockingbird
75.3%

You're not logged in!

Compare scores with friends on all Sporcle quizzes.
OR
Log In

Show Comments

Extras

Top Quizzes Today


Score Distribution

Your Account Isn't Verified!

In order to create a playlist on Sporcle, you need to verify the email address you used during registration. Go to your Sporcle Settings to finish the process.

Report this User

Report this user for behavior that violates our Community Guidelines.

Details: